Biggest sources of immigrants to Colorado - Statistics

General Stats
  • This quiz has been taken 37 times
  • The average score is 8 of 10
Answer Stats
Hint Answer % Correct
211,147 Mexico
100%
15,430 Canada
90%
17,221 China
87%
13,191 United Kingdom
87%
24,030 India
83%
12,555 Philippines
73%
14,223 Germany
67%
17,121 Korea
67%
13,753 Vietnam
67%
11,979 El Salvador
60%
No matching quizzes found
Score Distribution
Percent of People with Each Score
Percentile by Number Answered
Your Score History
You have not taken this quiz